| 000 | 00973nam a2200229Ia 4500 | ||
|---|---|---|---|
| 999 |
_c38552 _d38552 |
||
| 001 | 4653 | ||
| 003 | GE_BSU | ||
| 005 | 20190527175700.0 | ||
| 008 | 181216s1973|||| |||||||||||||| ||geo|| | ||
| 040 | _cGE_BSU | ||
| 041 | _ageo | ||
| 080 | _a52(075.8) ჭ–34 | ||
| 100 |
_aჭელიძე, ვლ. _91641 |
||
| 245 |
_aუმაღლესი მათემათიკის კურსი lll.სახელმძღვ. / _cვლ. ჭელიძე ; ნ. ლომჯარია ; გ. ხახუბია ; რედ : დ.ავაზაშვილი. |
||
| 264 |
_aთბილისი : _bგანათლება, _c1973 |
||
| 300 |
_a480 გვ .: _c21 სმ. |
||
| 653 | _aუმაღლესი მათემატიკა. | ||
| 700 |
_aლომჯარია,ნ _91642 |
||
| 700 |
_aხახუბია, გ _91646 |
||
| 700 |
_aავაზაშვილი, დ _eრედაქტორი _91638 |
||
| 942 |
_cBK _2udc |
||